Oceanian Geography by Letter - K - Statistics

General Stats
  • This quiz has been taken 137 times
  • The average score is 8 of 20
Answer Stats
Hint Answer % Correct
Bird that symbolizes New Zealand Kiwi
96%
Adorable eucalyptus eater Koala
96%
Country in four hemispheres Kiribati
92%
Highest mountain in Hawaii Mauna {Kea}
80%
Hawaii's "Garden Isle". Its nameconsists of four vowels and a K Kauaʻi
53%
Tree kingfisher whose call sounds like laughter Kookaburra
49%
Largest island of South Australia Kangaroo Island
40%
Highest mountain in Australia Mount {Kosciuszko}
34%
Capital of the Norfolk Island Kingston
31%
Most active volcano of Hawai'i Kīlauea
28%
Western Australia's largest inland city Kalgoorlie
24%
Plant whose roots are prepared into a beverage in Fiji Kava
22%
Currency of Papua New Guinea Kina
22%
This flightless parrot of NZ can live up to 90 years Kakapo
21%
Most populous island of Palau Koror
21%
Island of the above Captain Cook visited on 24/12/1777 Kiritimati
20%
Indigenous people of New Caledonia Kanak
18%
Northern part of Western Australia Kimberley
15%
Largest uninhabited Hawaiian island Kahoʻolawe
7%
This island arc of New Zealand wasnamed after a French captain Kermadec Islands
7%
No matching quizzes found
Score Distribution
Percent of People with Each Score
Percentile by Number Answered
Your Score History
You have not taken this quiz